| 000 | 02267nam0a2200433 4500 | ||
|---|---|---|---|
| 001 | RU\NLR\BIBL_A\012010594 | ||
| 005 | 20190701111602.0 | ||
| 010 |
_a978-5-907063-31-0 _9500 |
||
| 021 |
_aRU _bКН-П-19-027960 _9КН-П-19-2111 |
||
| 035 | _a(NLR Aleph) 012010594 | ||
| 035 | _a(RuMoRGB)009953585 | ||
| 090 |
_a11449312 _c11449312 |
||
| 100 | _a20190515d2018 k y0rusy50 ca | ||
| 101 | 0 |
_arus _deng _eeng |
|
| 102 | _aRU | ||
| 105 | _ay|||z|||000zy | ||
| 200 | 1 |
_aПрактики социального иждивенчества в современной России (опыт и результаты регионального исследования) _dPractices of social dependency in modern Russia (experience and results of a regional study) _eмонография _f[Карпикова И.С., Нефедьева Е.И., Зимина Е.В. и др. _gпод общ. и науч. ред. И.С. Карпиковой] _zeng |
|
| 210 |
_aМосква _cБиблио-Глобус _d2018 |
||
| 215 |
_a201, [1] с. _cтабл. _d21 |
||
| 300 | _aНа 4-й с. обл. авт.: Карпикова И.С., Нефедьева Е.И., кандидаты экон. наук, доценты, Зимина Е.В., к.социол.н., доц. | ||
| 300 | _aАвт. указаны на с. 9 | ||
| 300 | _aРез. на англ. яз. | ||
| 320 | _aБиблиогр.: с. 183-202 (144 назв.) и в подстроч. примеч. | ||
| 510 | 1 |
_aPractices of social dependency in modern Russia (experience and results of a regional study) _zeng |
|
| 606 | 1 |
_aИждивенчество социальное _92415586 _3RU\NLR\AUTH\6601657835 |
|
| 606 | 1 |
_aИждивение (юрид.) _91281178 _3RU\NLR\AUTH\66528515 |
|
| 610 | 0 | _aсоциальное иждивенчество | |
| 610 | 0 | _aпаразитизм | |
| 686 | 1 | _aС550.473 | |
| 686 | 1 | _aУ27(2)2 | |
| 686 | 1 | _aХ621.159 | |
| 701 | 1 |
_aКарпикова _bИ. С. _gИрина Серафимовна |
|
| 701 | 1 |
_aНефедьева _bЕ. И. _gЕлена Ивановна |
|
| 701 | 1 |
_aЗимина _bЕ. В. _gЕкатерина Викторовна |
|
| 942 | _cBOOK | ||
| 980 | _aNBR | ||
| 980 | _aNB | ||